Statistiques concernant POP Cardio Vasculaire

Cliquez ici pour prendre le quiz!

Statistiques générales

  • Ce quiz a été pris 2 fois
  • Le résultat moyen est 2 sur 14

Statistiques - réponses

HintRéponse% Correct
C'est quoi la systole ventriculaire ?-Contraction des ventricules
-Augmentation de la pression dans les ventricules
-Fermeture des valvules mitrales et tricuspides
-ouvertures des valves aortiques et pulmonaires
-Ejection du sang
100%
C'est quoi la systole auriculaire ?-contraction des oreillettes du haut vers le bas
-Le sang est propulsé dans les ventricules <-> 30% du volume de
remplissage des ventricules
50%
Comment est constitué l'intima, structure la plus interne des vaisseaux sanguin ?constituée de cellules endothéliales
0%
Quelles sont les caractéristiques des capillaires sinusoïdes/discontinus ?• Espaces intercellulaires très larges, permettant le passage de grosses molécules et de cellules sanguines.
• On les trouve au niveau des organes hématopoïétiques (la moelle osseuse, la rate) et dans le foie.
-Interruptions de la couche endothéliale et de la lame basale
0%
Comment est constitué l'adventice, structure la plus externe des vaisseaux sanguins ?faite de cellules conjonctives de soutien
0%
Comment est constitué la média, structure moyenne des vaisseaux sanguins ?faite de fibres élastiques et cellules musculaires
0%
Quelles sont les caractéristiques des capillaires continus ?• forment l’essentiel du réseau;
• 1 couche continue de cellules endothéliales reposant sur une membrane basale;
• Diffusion des substances liposolubles (02, CO2…);
• fentes intercellulaires et canaux aqueux pour les ions et petites molécules polaires;
• les protéines doivent passer par endocytose/exocytose (transcytose).
0%
Que font les sphincter pré capillaire pour le conditionnement de la perfusion d'un organe ?ils ajustent le débit en fonction de facteurs métaboliques locaux.
0%
Comment est la structure des veines ?La média (tunique moyenne) ne présente qu’une fine couche de cellules musculaires lisses.
Des valvules agissent comme des clapets anti-retour, imposant le sens de progression du sang
0%
C'est quoi le tonus myogène ?Les cellules musculaires lisses sont en permanence contractées.
Elles l'ajuste, permettant ainsi la vasomotricité (vasodilatation ou vasoconstriction): capacité d’une artériole à modifier son diamètre en réponse à des facteurs locaux, nerveux ou humoraux.
0%
Quelles sont les caractéristiques des capillaires ?-ne présentent qu’une seule couche cellulaire: l’endothélium
-> pas de vasomotricité au niveau des capillaires.

grande longueur totale + diamètre intérieur de 5 µm + 1 seule
couche cellulaire + débit faible = Echanges facilités par diffusion
0%
C'est quoi les valves ?Orifices de communication entre oreillettes et ventricules :
OD – VD: tricuspide
OG – VD: mitrale/bicuspide
Orifices de communication entre ventricules et artères:
sigmoïdes (aortique et pulmonaire)
Elles sont au nombre de 4 dans la pompe cardiaque
0%
C'est quoi la diastole générale ?Période de repos de la pompe cardiaque
-- valvules aortiques et pulmonaires fermées (ouverte dans le cours mais c'est pas logique)
-- valvules mitrale et tricuspide ouvertes
Remplissage des cavités cardiaques
Augmentation du volume et de la pression
0%
Quelles sont les caractéristiques des capillaires fenestrés ?présents dans les organes où la filtration est importante
(glomérule rénal, villosités intestinales, glandes…)
-Lame basale intacte mais discontinuités de la couche endothéliale
0%

Distribution des résultats

Percentile par nombre de réponses

% des personnes avec chaque résultat

Votre développement - résultats

Vous n’avez pas pris ce quiz